Statistics for Mario Party Characters

Click here to take the quiz!

General Stats

  • This quiz has been taken 162 times
  • The average score is 22 of 27

Answer Stats

Col / AppDebutAnswerHistory% Correct
12Mario PartyMario1 - Superstars
100%
12Mario PartyLuigi1 - Superstars
99%
12Mario PartyPeach1 - Superstars
98%
10Mario Party 3Waluigi3 - Superstars
97%
12Mario PartyWario1 - Superstars
97%
12Mario PartyYoshi1 - Superstars
97%
10Mario Party 3Daisy3 - Superstars
96%
7Mario PartyDonkey Kong1 - 4; 10 - Superstars
96%
1Super Mario PartyBowserSMP
95%
6Mario Party 5Toad5 - 10
92%
2Mario Party 9Koopa Troopa9; SMP
90%
3Mario Party 10Rosalina10 - Superstars
85%
1Super Mario PartyBowser JuniorSMP
84%
4Mario Party 6Toadette6 - 8; 10
84%
4Mario Party 7Birdo7 - 9; Superstars
82%
1Super Mario PartyDiddy KongSMP
81%
5Mario Party 5Boo5 - 8; SMP
80%
3Mario Party 7Dry Bones7 - 8; SMP
80%
1Super Mario PartyGoombaSMP
80%
2Mario Party 9Shy Guy9; SMP
76%
2Mario Party 8Hammer Bro8; SMP
73%
1Mario Party 8Blooper8
69%
1Mario Party 9Kamek9
69%
1Super Mario PartyMonty MoleSMP
62%
1Super Mario PartyPom PomSMP
62%
2Mario Party 10Spike10
62%
2Mario Party 5Mini Bowser5 - 6
52%

Score Distribution

Percentile by Number Answered

Percent of People with Each Score

Your Score History

You have not taken this quiz